Τα παρασκήνια του Μακεδονικού ζητήματος : μαρτυρίες πρωταγωνιστών, άγνωστα έγγραφα και ντοκουμέντα

Αποθηκεύτηκε σε:
Λεπτομέρειες βιβλιογραφικής εγγραφής
Κύριος συγγραφέας: Κουζινόπουλος, Σπύρος
Μορφή: Βιβλίο
Γλώσσα:Greek
Δημοσίευση: Αθήνα : Καστανιώτης, [c2008]
Θέματα:
Ετικέτες: Προσθήκη ετικέτας
Δεν υπάρχουν, Καταχωρήστε ετικέτα πρώτοι!

MARC

LEADER 00000cam a2200000 i 4500
001 1/7818
008 100526s2008 gre d
020 |a 978-960-03-4787-6 
035 |l 10108005 
040 |a GR-MY-UA  |b gre  |e aacr 
041 0 |a gre 
082 0 |a 938.664 
100 1 |a Κουζινόπουλος, Σπύρος. 
245 1 3 |a Τα παρασκήνια του Μακεδονικού ζητήματος :  |b μαρτυρίες πρωταγωνιστών, άγνωστα έγγραφα και ντοκουμέντα /  |c Σπύρος Κουζινόπουλος 
260 |a Αθήνα :   |b Καστανιώτης,   |c [c2008] 
300 |a 318 σ.;  |c 21 εκ. 
504 |a Περιλαμβάνει βιβλιογραφίες 
650 0 0 |a Macedonian question  |x History. 
651 0 |a Balkan Peninsula  |x Politics and government  |y 20th century. 
852 |a INST  |b RHODES  |e 20100526  |h 938.664 ΚΟΥ  |p 005400032807  |q 005400032807  |t BK  |y 0 
901 |a BIBL4-2010-2 
909 |a Ρ  |b 163285 
970 |a ΚΟΖΑ  |b ΜΑΡΙΑ  |z 2010/05/26